Les générations des consoles de jeux vidéos - Statistiques

Statistiques générales
  • Ce quiz a été pris 58 fois
  • Le résultat moyen est 19 sur 19
Statistiques - réponses
iNDICE GENERATION % Correct
Les jeux sont inclus dans la machine 1
100%
Apparition des cartouches externes 2
100%
Apparition des manettes à croix directionnelle 3
100%
Apparition des gâchettes 4
100%
Naissance des consoles 16 bits 4
100%
Naissance des consoles 32 et 64 bits 5
100%
Apparition des graphismes 3D 5
100%
Apparition des joysticks 5
100%
Naissance des consoles 128 bits 6
100%
Passage à la Full HD 8
100%
Apparition des service d'abonnement 8
100%
Apparition de la vibration 5
98%
Les consoles peuvent lire du contenu multimédia 6
98%
Démocratisation des jeux en ligne et de l'achat de jeux dématérialisés 7
98%
Apparition des manettes sans fil à détection de mouvements 7
98%
Apparition du Ray tracing 9
98%
Passage à l'UHD 9
98%
Passage à la HD 7
96%
Lancement des plateformes de jeu à la demande 9
96%
Aucun quiz correspondant
Distribution des résultats
% des personnes avec chaque résultat
Percentile par nombre de réponses
Votre historique - résultats
Vous n’avez pas pris ce quiz